Rekonštrukcia DK Zrkadlový háj - interiér
Saved in:
| Main Author: | |
|---|---|
| Other Authors: | |
| Format: | Manuscript Book |
| Language: | Slovak |
| Published: |
Bratislava
2015
|
| Subjects: | |
| Online Access: | http://is.stuba.sk/zp/portal_zp.pl?podrobnosti=112474 |
| Tags: |
No Tags, Be the first to tag this record!
|
MARC
| LEADER | 00000ntm a22000003a 4500 | ||
|---|---|---|---|
| 001 | stuzp52416 | ||
| 003 | SK-STU | ||
| 005 | 20210305123142.7 | ||
| 007 | ta | ||
| 008 | 150427s2015----xo-----f-mn---000-0-slo-d | ||
| 040 | |a STU |b slo | ||
| 041 | 0 | |a slo | |
| 100 | 1 | |a Holúbková, Dušana |u 055150 |4 aut |U FA Fakulta architektúry |U FAD Fakulta architektúry |T FA Ústav interiéru a výstavníctva |X 65591 |U A5150 |Y 396 |7 65591 | |
| 242 | 0 | 1 | |a Reconstruction DK Zrkadlový háj - interior |y eng |
| 245 | 1 | 0 | |a Rekonštrukcia DK Zrkadlový háj - interiér |
| 260 | |c 2015 |a Bratislava | ||
| 650 | 4 | |a rekonštrukcia |2 slo | |
| 650 | 4 | |a návrh |2 slo | |
| 650 | 4 | |a CLT panel |2 slo | |
| 650 | 4 | |a funkcia |2 slo | |
| 650 | 4 | |a design |2 eng | |
| 650 | 4 | |a CLT panel |2 eng | |
| 650 | 4 | |a reconstruction |2 eng | |
| 650 | 4 | |a function |2 eng | |
| 700 | 1 | |a Kotradyová, Veronika, |d 1974- |4 ths |X 344 |7 A000000344 | |
| 856 | 4 | |u http://is.stuba.sk/zp/portal_zp.pl?podrobnosti=112474 |u https://opac.crzp.sk/?fn=detailBiblioForm&sid=E75B5E22D326BA6A98AA96CFFF20 | |
| SQL | |a stuzp52416 |b DDP |c SLO |d Rekonštrukcia DK Zrkadlový háj - interiér |e 65591 |f Holúbková, Dušana |g 055150 |h 344 |i Kotradyová, Veronika |j 20150603 |k 640 |l 05 |m http://is.stuba.sk/zp/portal_zp.pl?podrobnosti=112474 |n I-DZ |o 2.2.6. dizajn | ||